000 00604nam a22001817a 4500
005 20251108165909.0
008 250721s1987 xx 000 0 ara d
082 1 4 _aط/920/عدي
100 1 _aالمسلم، إبراهيم
245 1 0 _aمنقذ الحكم العربي عدي بن زيد /
264 1 _aالرياض :
_bمؤسسة دار الأصالة للثقافة و النشر و الإعلام،
_c1987.
300 _a47ص
490 0 _aقصص أدبية من تراثنا العربي ؛ 1
650 1 7 _aالإسلام
650 1 7 _aالتراجم
942 _2ddc
_cBK
999 _c34197
_d34197